000 00303nam a22001337a 4500
082 _a894.812.3
_bKRI/A
100 _aKRISHNANKUTTY, MUNDOOR
245 _aASHWASATHINTE MANTHRACHARADU
260 _aTHIRUVANANTHAPURAM
_bPRABATH BOOKS
300 _a140
520 _aNOVEL
650 _aNOVEL
942 _cBK
999 _c4999
_d4999